书目信息 |
| 题名: |
清洁发展机制
|
|
| 作者: | 李在卿 编著 | |
| 分册: | ||
| 出版信息: | 北京 中国环境科学出版社 2009.06 |
|
| 页数: | 253页 | |
| 开本: | 23cm | |
| 丛书名: | ||
| 单 册: | ||
| 中图分类: | X511 | |
| 科图分类: | ||
| 主题词: | 有害气体--you hai qi ti--大气扩散--污染防治 | |
| 电子资源: | ||
| ISBN: | 978-7-5111-0004-7 | |
| 000 | 00932nam0 2200241 450 | |
| 001 | 012010239262 | |
| 005 | 20100529170055.03 | |
| 010 | @a978-7-5111-0004-7@dCNY49.00 | |
| 100 | @a20100427d2009 em y0chiy0120 ea | |
| 101 | 0 | @achi |
| 102 | @aCN@b110000 | |
| 105 | @aak z 000yy | |
| 106 | @ar | |
| 200 | 1 | @a清洁发展机制@Aqing jie fa zhan ji zhi@e温室气体减排与第三方认证@f李在卿编著@Fli zai qing bian zhu |
| 210 | @a北京@c中国环境科学出版社@d2009.06 | |
| 215 | @a253页@c图@d23cm | |
| 330 | @a本书介绍了气候变化及气候问题的由来;描述了国际社会应对气候变化的历程和措施;介绍了中国政府应对气候变化的对策;说明了清洁发展机制的实施中有关项目的确定等。 | |
| 517 | 1 | @a温室气体减排与第三方认证@Awen shi qi ti jian pai yu di san fang ren zheng |
| 606 | 0 | @a有害气体@Ayou hai qi ti@x大气扩散@x污染防治 |
| 690 | @aX511@v4 | |
| 701 | 0 | @a李在卿@Ali zai qing@4编著 |
| 801 | 0 | @aCN@bQSSK@c20100529 |
| 905 | @b779122-24@dX511@eL335@f3 | |
| 清洁发展机制:温室气体减排与第三方认证/李在卿编著.-北京:中国环境科学出版社,2009.06 |
| 253页:图;23cm |
| ISBN 978-7-5111-0004-7:CNY49.00 |
| 本书介绍了气候变化及气候问题的由来;描述了国际社会应对气候变化的历程和措施;介绍了中国政府应对气候变化的对策;说明了清洁发展机制的实施中有关项目的确定等。 |
| ● |
| 相关链接 |
|
|
|
正题名:清洁发展机制
索取号:X511/L335
 
预约/预借
| 序号 | 登录号 | 条形码 | 馆藏地/架位号 | 状态 | 备注 |
| 1 | 779122 | 207791228 | 自科二线400A/400A自科库 26排1列4层/ [索取号:X511/L335] | 在馆 | |
| 2 | 779123 | 207791237 | 期刊室512/201建筑库 62排2列4层/ [索取号:X511/L335] | 在馆 | |
| 3 | 779124 | 207791246 | 自科库501/501自科库 99排2列3层/ [索取号:X511/L335] | 在馆 |